beatmania IIDXのシリーズタイトル - Statistics

General Stats
  • This quiz has been taken 19 times
  • The average score is 24 of 33
Answer Stats
作品 期間 解答 % Correct
14 2007年2月〜 beatmania IIDX 14 GOLD
92%
17 2009年10月〜 beatmania IIDX 17 SIRIUS
92%
10 2004年2月〜 beatmania IIDX 10th style
85%
11 2004年10月〜 beatmania IIDX 11 RED
85%
12 2005年7月〜 beatmania IIDX 12 HAPPY SKY
85%
16 2008年11月〜 beatmania IIDX 16 EMPRESS
85%
18 2010年9月〜 beatmania IIDX 18 Resort Anthem
85%
2 1999年9月〜 beatmania IIDX 2nd style
85%
3 2000年2月〜 beatmania IIDX 3rd style
85%
4 2000年9月〜 beatmania IIDX4th style
85%
5 2001年3月〜 beatmania IIDX 5th style
85%
6 2001年9月〜 beatmania IIDX 6th style
85%
7 2002年3月〜 beatmania IIDX 7th style
85%
8 2002年9月〜 beatmania IIDX 8th style
85%
9 2003年6月〜 beatmania IIDX 9th style
85%
20 2012年9月〜 beatmania IIDX 20 tricoro
77%
21 2013年11月〜 beatmania IIDX 21 SPADA
77%
24 2016年10月〜 beatmania IIDX 24 SINOBUZ
77%
1 1999年2月〜 beatmania IIDX
69%
22 2014年9月〜 beatmania IIDX 22 PENDUAL
69%
23 2015年11月〜 beatmania IIDX 23 copula
69%
13 2006年3月〜 beatmania IIDX 13 DistorteD
62%
15 2007年12月〜 beatmania IIDX 15 DJ TROOPERS
62%
19 2011年9月〜 beatmania IIDX 19 Lincle
62%
25 2017年12月〜 beatmania IIDX 25 CANNON BALLERS
62%
29 2021年10月〜 beatmania IIDX 29 CastHour
62%
32 2024年10月〜 beatmania IIDX 32 Pinky Crush
62%
26 2018年11月〜 beatmania IIDX 26 Rootage
54%
27 2019年10月〜 beatmania IIDX 27 HEROIC VERSE
54%
31 2023年10月〜 beatmania IIDX 31 EPOLIS
54%
1999年7月〜 beatmania IIDX substream
54%
28 2020年10月〜 beatmania IIDX 28 BISTROVER
46%
30 2022年10月〜 beatmania IIDX 30 Resident
46%
No matching quizzes found
Score Distribution
Percent of People with Each Score
Percentile by Number Answered
Your Score History
You have not taken this quiz